Normal view
MARC view
Entry Personal Name
001 - CONTROL NUMBER
- control field: 1154620
003 - CONTROL NUMBER IDENTIFIER
- control field: OSt
005 - DATE AND TIME OF LATEST TRANSACTION
- control field: 20260324115427.0
008 - FIXED-LENGTH DATA ELEMENTS
- fixed length control field: 260324|| aca||aabn | a|a d
040 ## - CATALOGING SOURCE
- Original cataloging agency: OSt
- Transcribing agency: OSt
100 ## - HEADING--PERSONAL NAME
- Personal name: Yun Xing; LeeAnn Racz; David M. Kempisty
670 ## - SOURCE DATA FOUND
- Source citation: Work cat.: (OSt)1745497: Yun Xing; LeeAnn Racz; David M. Kempisty, Perfluoroalkyl Substances in the Environment
